Statistics for Top 50 NBA Point Guards All-Time

Click here to take the quiz!

General Stats

  • This quiz has been taken 1,465 times
    (1,020 since last reset)
  • The average score is 23 of 50

Answer Stats

RankPlayerRetired% Correct
3Stephen Curry-
97%
1Magic Johnson1996
96%
12Chris Paul-
82%
6Steve Nash2015
81%
5John Stockton2003
80%
2Oscar Robertson1974
80%
20Russell Westbrook-
80%
19Dennis Johnson1990
78%
24Kevin Johnson2000
78%
8Jason Kidd2013
77%
4Isiah Thomas1994
73%
7Bob Cousy1970
71%
10Allen Iverson2010
66%
23Kyrie Irving-
65%
15Tony Parker2019
63%
25Damian Lillard-
60%
32Rajon Rondo-
57%
11Gary Payton2007
55%
14Derrick Rose-
51%
35Deron Williams2017
47%
22Penny Hardaway2008
46%
26Tim Hardaway2003
46%
9Walt Frazier1980
46%
34Kyle Lowry-
43%
42John Wall-
42%
18Chauncey Billups2014
40%
28Mark Jackson2004
39%
46Kenny Smith1997
35%
44Derek Harper1999
34%
36Kemba Walker-
34%
29Mark Price1998
33%
13Nate Archibald1984
33%
45Ron Harper2001
33%
41Andre Miller2016
32%
30Maurice Cheeks1993
29%
38Baron Davis2012
26%
39Stephon Marbury2009
24%
37Terry Porter2002
24%
49Mike Bibby2012
23%
21Fat Lever1994
21%
16Lenny Wilkens1975
21%
48Steve Francis2008
21%
40Gilbert Arenas2012
19%
17Dave Bing1978
17%
33Gail Goodrich1979
16%
47Nick Van Exel2006
16%
27Sidney Moncrief1991
16%
31Norm Nixon1989
12%
43Micheal Ray Richardson1986
11%
50Scott Skiles1996
10%

Score Distribution

Percentile by Number Answered

Percent of People with Each Score

Your Score History

You have not taken this quiz since the last reset